000 00446cam a2200145ua 4500
041 _aeng
_h
082 _a828.09
_bSPI/SM
100 _aSpivack, Bernard .
245 _aShakespeare and the Allegory of Evil The History of a metaphor in relation to his Major Villains /
_cBernard Spivack.
_hTextual Documents
260 _aNewyork :
_bColumbia university press ,
_c1958.
300 _a508 ; .
504 _a
942 _cBK
999 _c2771
_d2771